Visión de Marangani / (Record no. 23412)

000 -CABECERA
fixed length control field 01505nam a22002897a 4500
003 - IDENTIFICADOR DEL NÚMERO DE CONTROL
control field AR-CdUCM
008 - DATOS DE LONGITUD FIJA--INFORMACIÓN GENERAL
fixed length control field 251210b20222022pe ||||| |||| 00| 0 spa d
040 ## - FUENTE DE LA CATALOGACIÓN
Agencia/entidad que catalogó originalmente la obra MUNICIPALIDAD PROVINCIAL DEL CUSCO
Entidad que transcribió la catalogación BIBLIOTECA MUNICIPAL DEL CUSCO
082 ## - NÚMERO DE LA CLASIFICACIÓN DECIMAL DEWEY
No. de Clasificación 985.613 /
Notacion interna A32
100 ## - ENTRADA PRINCIPAL--NOMBRE DE PERSONA
Nombre Personal Aguilar Flores, José Domingo.
110 ## - ENTRADA PRINCIPAL--NOMBRE DE ENTIDAD CORPORATIVA
Nombre de la institución, jurisdicción como entrada principal Municipalidad de Marangani
9 (RLIN) 51676
245 ## - MENCIÓN DE TÍTULO
Título Visión de Marangani /
Resto del título Bicentenario 2021.
260 ## - PUBLICACIÓN, DISTRIBUCIÓN, ETC.
Nombre de la editorial, distribuidor, etc. Aguilar Flores, José Domingo.
Fecha de publicación, distribución, etc. 2022
Lugar de publicación, distribución, etc. Cusco
300 ## - DESCRIPCIÓN FÍSICA
Nº de Páginas Extensión 164 pág. :
Dimensiones 30 x 21 cm.
505 ## - NOTA DE CONTENIDO CON FORMATO
Nota de contenido formateada El origen de Maranganí -- Las Comunidades Campesinas -- El Código Civil- Ley General de CC -- Huayllapunco- Tañiwa -- Ccuyo- Ccaycco -- Quisini- Mamuera -- Llallahui- Chectuyoc -- Occobamba -- Huisccachani -- Sullca -- Hanccohocca- Silly -- Señor del Sepulcro -- Rosario -- Purificada -- San Isidro Labrador -- Tierra y Libertad- La Reforma Agraria- Principios -- Propiedades y liberación -- Proyecto del Campesino -- Política Agraria -- Expo Feria Nacional -- Historia de Plaza de Toros -- Creación de la carrera de Medicina Veterinaria -- Gratitud Qanchi Raymi....
650 ## - PUNTO DE ACCESO ADICIONAL DE MATERIA--TÉRMINO DE MATERIA
Descriptor Bicentenario Nacional
9 (RLIN) 51677
650 ## - PUNTO DE ACCESO ADICIONAL DE MATERIA--TÉRMINO DE MATERIA
Descriptor Origen
9 (RLIN) 15147
650 ## - PUNTO DE ACCESO ADICIONAL DE MATERIA--TÉRMINO DE MATERIA
Descriptor Comunidades Campesinas
9 (RLIN) 2214
650 ## - PUNTO DE ACCESO ADICIONAL DE MATERIA--TÉRMINO DE MATERIA
Descriptor Institutos de Camélidos
9 (RLIN) 51678
650 ## - PUNTO DE ACCESO ADICIONAL DE MATERIA--TÉRMINO DE MATERIA
Descriptor Ferias
9 (RLIN) 48345
650 ## - PUNTO DE ACCESO ADICIONAL DE MATERIA--TÉRMINO DE MATERIA
Descriptor Proclamas
9 (RLIN) 51679
650 ## - PUNTO DE ACCESO ADICIONAL DE MATERIA--TÉRMINO DE MATERIA
Descriptor Gobiernos Locales
9 (RLIN) 8462
650 ## - PUNTO DE ACCESO ADICIONAL DE MATERIA--TÉRMINO DE MATERIA
Descriptor Marangani Mundo Científico
9 (RLIN) 51680
942 ## - ELEMENTOS DE PUNTO DE ACCESO ADICIONAL (KOHA)
Fuente de clasificación
Tipo de item Libros-BMC
945 ## - PROCESAMIENTO DE INFORMACIÓN LOCAL (OCLC)
Catalogador jmcs
AAAA-MM-DD - Fecha de ingreso o modificacion 10/12/2025
Holdings
Estado de retiro (separado) Fuente de clasificación o esquema de estanterías Estado dañado Ubicación Sala donde se ubica Nombre de la colección Fecha de adquisición o compra Fuente de adquisición Costo, precio normal en soles Signatura topográfica Código de Barras Última vez visto (Koha) Tipo de ítem (Koha) Número de Ejemplar
No     Sala Humanidades Sala Humanidades Book Cart 2025-12-10 Donación 20.00 985.613 / A32 SH0000017023 2025-12-10 Libros-BMC  
No     Sala Humanidades Sala Humanidades Book Cart 2025-12-10 Donación 20.00 985.613 / A32 SH0000017024 2025-12-10 Libros-BMC e.2

Powered by Koha